Les pays qui visitent le plus l'Afrique du Sud - Statistiques

Statistiques générales
  • Ce quiz a été pris 298 fois
  • Le résultat moyen est 15 sur 20
Statistiques - réponses
~ No.visiteurs (2016) # Pays % Correct
128,000 4 France
97%
297,000 2 États-Unis
96%
407,000 1 Royaume-Uni
93%
257,000 3 Allemagne
86%
85,000 7 Chine
85%
56,000 9 Canada
83%
52,000 10 Italie
80%
1,395,000 2 Lesotho
80%
213,00 6 Namibie
79%
1,200,000 3 Mozambique
77%
838,000 4 Swaziland
76%
99,000 6 Australie
75%
1,901,000 1 Zimbabwe
75%
594,000 5 Botswana
74%
161,000 7 Zambie
73%
48,000 9 Angola
71%
36,000 10 Tanzanie
71%
122,000 5 Pays-bas
65%
78,000 8 Inde
61%
135,000 8 Malawi
48%
Aucun quiz correspondant
Distribution des résultats
% des personnes avec chaque résultat
Percentile par nombre de réponses
Votre historique - résultats
Vous n’avez pas pris ce quiz